Detalles MARC
| 000 -LIDER |
| fixed length control field |
01298cmm a2200361 c 4500 |
| 001 - NÚMERO DE CONTROL |
| Identificador de número de control |
39625 |
| 003 - IDENTIFICACDOR DE NÚMERO DE CONTROL |
| control field |
DO-SdBNP |
| 005 - DATE AND TIME OF LATEST TRANSACTION |
| control field |
20170918101354.0 |
| 007 - CAMPOS FIJOS DE DESCRIPCIÓN FÍSICA |
| fixed length control field |
39625 |
| 008 - ELEMENTOS DE LONGITUD FIJA |
| fixed length control field |
110429s2007 sp i 000 spa |
| 015 ## - NÚMERO DENTRO DE LA BIBLIOGRAFÍA NACIONAL |
| National bibliography number |
|
| 017 ## - NÚMERO DE REGISTRO DE DERECHOS DE AUTOR |
| Copyright or legal deposit number |
|
| Assigning agency |
|
| Canceled/invalid copyright or legal deposit number |
|
| 020 ## - ISBN |
| International Standard Book Number |
9788497512299 |
| 035 ## - NÚMERO LOCAL |
| System control number |
|
| 040 ## - FUENTE DE CATALOGACIÓN |
| Agencia que crea de manera original el registro |
BPMSU |
| Idioma de catalogación |
spa |
| Agencia que realiza la transcripción |
BPMSU |
| Convenciones de la despripción |
|
| 080 ## - NÚMERO DE CLASIFICACIÓN DECIMAL UNIVERSAL |
| Universal Decimal Classification number |
|
| 082 ## - NÚMERO DE CLASIFICACIÓN DECIMAL DE DEWEY |
| Classification number |
R612 |
| Item number |
A881c |
| 245 00 - MENCIÓN DE TITULO |
| Título |
Atlas del cuerpo humano / |
| Medio (Designación general de material) |
|
| Mención de responsabilidad |
editor Jordi Vigué ; asesoramiento científico general Emilio Martín Orte |
| 260 0# - PUBLICACIÓN, DISTRIBUCIÓN, ETC. (PIE DE IMPRENTA) |
| Lugar de publicación, distribución, etc |
Barcelona : |
| Nombre del editor, distribuidor, etc. |
Lexus, |
| Fecha de publicación, distribución, etc |
2007 |
| 300 ## - DESCRIPCIÓN FÍSICA |
| Extensión |
560 p.; xii |
| Otros detalles físicos |
il. : |
| Dimensiones |
32 cm. |
| 500 ## - NOTA GENERAL |
| Nota general |
Incluye índice |
| 505 ## - NOTA DE CONTENIDO |
| Título |
Anatomía -- |
| -- |
Fisiología -- |
| -- |
Patología -- |
| 538 ## - SYSTEM DETAILS NOTE |
| System details note |
Requisitos del sistema: Procesador Pentium III; sistema operativo Windows 98 o superior; 128 MB de memoria RAM; lector de CD-ROM de 12x; resolución de pantalla 800 x 600 píxeles; tarjeta gráfica 24 bits (millones de colores); tarjeta de sonido 16 bits |
| 650 #4 - ENCABEZAMIENTO DE MATERIA--TEMÁTICO |
| Término temático o nombre geográfico como elemento de entrada |
ANATOMÍA HUMANA |
| Subdivisión de forma |
ATLAS |
| 650 #4 - ENCABEZAMIENTO DE MATERIA--TEMÁTICO |
| Término temático o nombre geográfico como elemento de entrada |
HISTOLOGÍA |
| Subdivisión de forma |
ATLAS |
| 650 #4 - ENCABEZAMIENTO DE MATERIA--TEMÁTICO |
| Término temático o nombre geográfico como elemento de entrada |
PATOLOGÍA |
| Subdivisión de forma |
ATLAS |
| 700 12 - ASIENTO SECUNDARIO -- NOMBRE PERSONAL |
| Nombre personal |
Vigué, Jordi |
| Mención de responsabilidad |
ed. |
| 700 12 - ASIENTO SECUNDARIO -- NOMBRE PERSONAL |
| Nombre personal |
Orte, Emilio Martín |
| 910 ## - VALIDACIÓN |
| Validación |
Validado. Control de calidad MFF |
| 942 ## - ADDED ENTRY ELEMENTS (KOHA) |
| Source of classification or shelving scheme |
Dewey Decimal Classification |
| Koha item type |
Libros |
| 945 ## - INFORMACIÓN DE PROCESAMIENTO LOCAL |
| Información de procesamiento local |
Inventariado, 2017/MFF |
| 956 ## - LOCAL ELECTRONIC LOCATION AND ACCESS (OCLC) |
| Nombre de host |
VMATEO |
| Número de acceso |
10 |
| Información de compresión |
20160518 |
| Trayectoria |
BPMSU |
| Nombre Electrónico |
0069 |